000 00898nam a2200253 n 4500
003 DO-SdBNP
005 20230705084935.0
006 a||||gr|||| 00| 0
007 ta
008 230704e2023 pr adc|| |||| 00| 0 spa d
040 _aDO-SdBNP
_bspa
_cBNPHU
_erda
082 _24
_bS849b
100 1 _942723
_aStewart, Raymond
245 1 0 _aBaloncesto ponce:
_bla más completa historia del baloncesto en Ponce. /
_cRaymond Stewart; prólogo, Agustín Díaz García
264 _aSan Juan Puerto Rico :
_bGroup Canovanas,
_c2023
300 _a134 páginas :
_bIlustraciones, retratos ;
_c18 cm.
336 _2rdaconten
_atexto
_btxt
337 _2rdamedia
_asin medición
_bn
338 _2rdacarrier
_avolumen
_bnc
500 _aIncluye datos biográficos del autor en la contracubierta
590 _aInventariado 2023 / MF
700 1 _aDíaz García, Agustín,
_eprólogo
_983693
942 _2ddc
_cLBS1
999 _c54072
_d54072